Econometría
Salvato in:
| Autore principale: | |
|---|---|
| Natura: | Libro |
| Lingua: | spagnolo |
| Pubblicazione: |
Ciudad de México
McGraw-Hill
1981
|
| Soggetti: | |
| Tags: |
Aggiungi Tag
Nessun Tag, puoi essere il primo ad aggiungerne!!
|
MARC
| LEADER | 00000nam a2200000 a 4500 | ||
|---|---|---|---|
| 001 | UCV4934 | ||
| 003 | CL-VaPUC | ||
| 005 | 20231207113028.0 | ||
| 008 | 910425e19810000MX |||||||||||||||||spa|d | ||
| 999 | |c 211559 |d 211557 | ||
| 040 | |c Pontificia Universidad Católica de Valparaíso | ||
| 082 | 0 | 4 | |a 330.015195 |b GUJ |2 21 |
| 100 | |a Gujarati, Damodar N |e author |9 599339 | ||
| 245 | 1 | 0 | |a Econometría |
| 260 | |a Ciudad de México |b McGraw-Hill |c 1981 | ||
| 300 | |a 463 p | ||
| 583 | |a last modification |c 19910425 00:00:00 |k Rodrigo Vera | ||
| 650 | 0 | |a Econometría |9 261029 | |
| 650 | 0 | |a Modelos econométricos |9 261094 | |
| 650 | 0 | |a Análisis de regresión múltiple |9 669133 | |
| 942 | |c BK |2 ddc | ||
| 945 | |d 19910425 00:00:00 | ||
| 952 | |0 0 |1 0 |4 0 |6 330_015195000000000_GUJ_1981 |7 0 |8 A |9 191193 |a BIBGIM |b BIBGIM |d 2019-11-14 |i 2588102 |o 330.015195 GUJ 1981 |p 2588102 |r 2025-01-15 |w 2019-11-14 |y BK |k COM | ||
| 952 | |0 0 |1 0 |4 0 |6 330_015195000000000_GUJ_1981 |7 0 |8 A |9 191194 |a BIBENE |b BIBENE |d 2019-11-14 |i 2588110 |o 330.015195 GUJ 1981 |p 2588110 |r 2025-01-15 |w 2019-11-14 |y BK |k ICO | ||
| 952 | |0 0 |1 0 |4 0 |6 330_015195000000000_GUJ_1981 |7 0 |8 A |9 191195 |a BIBENE |b BIBENE |d 2019-11-14 |i 2588129 |o 330.015195 GUJ 1981 |p 2588129 |r 2025-01-15 |w 2019-11-14 |y BK |k ICO | ||